LEADER 01711nam0 22003973i 450 001 VAN00274311 005 20251028024214.61 017 70$2N$a9783031205378 100 $a20240403d2023 |0itac50 ba 101 $aeng 102 $aCH 105 $a|||| ||||| 181 $ai$b e 182 $ab 183 $acr 200 1 $aViral Drug Delivery Systems$eAdvances in Treatment of Infectious Diseases$feditors Ranjita Shegokar, Yashwant Pathak 210 $aCham$cSpringer$d2023 215 $aX, 409 p.$cill.$d24 cm 620 $aCH$dCham$3VANL001889 676 $a660.6$cBiotecnologia. Microbiologia applicata$v22 676 $a615.1$cFarmacologia. Farmaci. Farmacia$v22 676 $a615.19$cChimica farmaceutica. Tecnologia farmaceutica. Chimica medica$v22 676 $a615.9$cTossicologia$v22 676 $a614.4$cIgiene. Epidemiologia$v22 676 $a613$cSalute pubblica - Medicina preventiva$v22 702 1$aPathak$bYashwant$3VANV226117 702 1$aShegokar$bRanjita$3VANV225891 712 $aSpringer $3VANV108073$4650 801 $aIT$bSOL$c20251031$gRICA 856 4 $uhttps://link.springer.com/book/10.1007/978-3-031-20537-8$zE-book - Accesso al full-text attraverso riconoscimento IP di Ateneo, proxy e/o Shibboleth 899 $aBIBLIOTECA DEL DIPARTIMENTO DI SCIENZE E TECNOLOGIE AMBIENTALI BIOLOGICHE E FARMACEUTICHE$1IT-CE0101$2VAN17 912 $fN 912 $aVAN00274311 950 $aBIBLIOTECA DEL DIPARTIMENTO DI SCIENZE E TECNOLOGIE AMBIENTALI BIOLOGICHE E FARMACEUTICHE$d17CONS e-book 2309 $e17BIB2309/246 246 20240403 996 $aViral Drug Delivery Systems$93089348 997 $aUNICAMPANIA